| 000 | 01456nam a22002657a 4500 | ||
|---|---|---|---|
| 999 |
_c22163 _d22163 |
||
| 003 | AR-CdUCM | ||
| 008 | 190425b ||||| |||| 00| 0 spa d | ||
| 040 |
_aMUNICIPALIDAD PROVINCIAL DEL CUSCO _cBIBLIOTECA MUNICIPAL DEL CUSCO |
||
| 082 | _aOropesa/N°40/2001 | ||
| 245 |
_aOropesa : _brevista de cultura y educación de opinión y crítica / _cAmérico Valer Vargas, Director |
||
| 260 |
_aCusco. _bPantigozo, _c2001. |
||
| 300 |
_a22 páginas. : _bilustraciones ; _c30 cm. |
||
| 440 |
_aOropesa. _nAño XX, N°XL, octubre 2001. _947581 |
||
| 505 | _aContenido: Ministro de Educación. Nicolás Linch anuncio el lineamiento de la política educativa del gobierno. -- Desarrollo regional y carretera interoceánica. -- Verdad sobre la donación de camisetas para los niños oropesinos por el ayuntamiento de Oropesa de España. -- Información respecto del uso de elementos químicos y biológicos en eventos bélicos. Eduardo Gil Mora. -- Ángel Vega Enríquez y su indigenismo. Emeteria Uñapilco. La Biblioteca escolar en el nuevo enfoque pedagógico. Korqui Pumasuoa Paro. | ||
| 650 |
_aPolítica cusqueña _947381 |
||
| 650 |
_aCultura andina _947570 |
||
| 650 |
_aSociedad cusqueña _947493 |
||
| 650 |
_aSiglo XX _947561 |
||
| 700 |
_aValer Vargas, Alejandro _947563 |
||
| 700 |
_aValer Vargas, Américo _947562 |
||
| 700 |
_aPortillo Esquivel, Efraín _947573 |
||
| 700 |
_aUñapilco Roca, Emeteria _947575 |
||
| 942 |
_2ddc _cPP |
||
| 945 | _arac | ||